000 00500nam a2200133Ia 4500
008 220217s9999 xx 000 0 und d
245 0 _aRubber, vulcanized- Determination of termperature rise and resistance to fatigue in flexometer testing. Part 1: Basic principles
260 _aGeneva, Switzerland
260 _c2010
_bInternational Organization for Standardization
490 _aInternational Standard
500 _aStandard number: ISO 4666-1. Ed2
650 _aVulacanized rubber
942 _cST
999 _c74150
_d74150